Dnešní investice pro zítřejší růst

Nový nástroj Európskej únie Connecting Europe na financovanie priorít v oblasti energetiky, dopravy, informačných technológií, výskumu a inovácií. Financie pre udržateľný rozvoj, zamestnanosť a infraštruktúru. Vzdelávanie a výskum. Poľnohospodárstvo, ochrana klímy a bezpečnosť. Silnejšia Európa vo s...

Descrizione completa

Salvato in:
Dettagli Bibliografici
Autore principale: Kladiva, Jiří
Natura: Capitolo di libro
Lingua:ceco
Soggetti:
Tags: Aggiungi Tag
Nessun Tag, puoi essere il primo ad aggiungerne!!

MARC

LEADER 00000naa a2200000 4500
001 0155493
005 20231211075051.0
041 0 |a cze 
044 |a CZ 
245 1 0 |a Dnešní investice pro zítřejší růst  |c Jiří Kladiva 
520 |a Nový nástroj Európskej únie Connecting Europe na financovanie priorít v oblasti energetiky, dopravy, informačných technológií, výskumu a inovácií. Financie pre udržateľný rozvoj, zamestnanosť a infraštruktúru. Vzdelávanie a výskum. Poľnohospodárstvo, ochrana klímy a bezpečnosť. Silnejšia Európa vo svete. Transparentnejšie a spravodlivejšie zdroje pre rozpočet EÚ. 
610 2 0 |a investície 
610 2 0 |a financie 
610 2 0 |a rozvoj trvalo udržateľný 
610 2 0 |a zamestnanosť 
610 2 0 |a vzdelávanie 
610 2 0 |a výskum 
610 2 0 |a poľnohospodárstvo 
610 2 0 |a bezpečnosť 
610 2 0 |a Európska únia 
100 1 |a Kladiva, Jiří